MARC

LEADER 00000nam0a2200000 4500
001 303985
005 20231102001645.0
020 |a RU  |b 83-22224 
035 |a (RuTPU)RU\TPU\book\329220 
090 |a 303985 
100 |a 20150908d1983 m y0rusy5003 ca 
101 0 |a rus 
102 |a RU 
105 |a a z 000zy 
200 1 |a Химия и цвет  |e книга для внеклассного чтения. IX-X классы  |f Г. Н. Фадеев 
205 |a 2-е изд., перераб. 
210 |a Москва  |c Просвещение  |d 1983 
215 |a 160 с.  |c ил. 
225 1 |a Мир знаний 
606 1 |a Цвет  |x (химия)  |2 stltpush  |3 (RuTPU)RU\TPU\subj\73541  |9 86471 
610 1 |a физическая химия 
610 1 |a цветоведение 
610 1 |a радуга 
610 1 |a электроны 
610 1 |a неорганические вещества 
610 1 |a органические молекулы 
610 1 |a природа 
610 1 |a техника 
610 1 |a алгебра 
610 1 |a гармония 
610 1 |a история 
675 |a 544.16  |v 4 
700 1 |a Фадеев  |b Г. Н.  |g Герман Николаевич 
801 0 |a RU  |b RuMRKP  |c 19950704  |g psbo 
801 1 |a RU  |b 63413507  |c 20150908 
801 2 |a RU  |b 63413507  |c 20171002  |g RCR 
942 |c BK